Las Bellas artes / Enric Jardí
Descripción Física:
342 p. : il., negre i col. ; 25'5 cm
MARC
| LEADER | 00000nam a2200000Ia 4500 | ||
|---|---|---|---|
| 001 | 2035 | ||
| 008 | 160829s9999 xx 000 0 cat d | ||
| 080 | |a B-1-111 | ||
| 100 | |a Jardí, Enric |9 32112 | ||
| 245 | |a Las Bellas artes / Enric Jardí | ||
| 260 | |a Barcelona : |b Diputación Provincial de Barcelona, dl 1977 | ||
| 300 | |a 342 p. : |b il., negre i col. ; |c 25'5 cm | ||
| 650 | |a Reial Acadèmia Catalana de Belles Arts de Sant Jordi | ||
| 651 | 0 | |a Barcelona (Catalunya : Província) |x Política cultural |9 53523 | |
| 710 | 1 | |a Barcelona (Catalunya : Província). |b Diputació |9 52408 | |
| 901 | |a Arxiu | ||
| 942 | |n 1 | ||
| 952 | |0 0 |1 0 |4 0 |6 B1111 |7 1 |9 47878 |a Arxiu |b Arxiu |d 2016-12-01 |l 0 |o B-1-111 |p 2035 |r 2016-12-01 00:00:00 |w 2016-12-01 |y ARXIU | ||
| 999 | |c 51678 |d 51678 | ||